| 000 | 00743nam a2200205 i 4500 | ||
|---|---|---|---|
| 005 | 20260513114746.0 | ||
| 008 | 260513b my ||||| |||| 00| 0 may d | ||
| 020 |
_a9786297646275 _c69.90 _qpaperback |
||
| 040 |
_aPPAK _beng _cPPAK _erda |
||
| 082 | 0 | 4 |
_223 _a 720.95957 |
| 090 | 0 | 0 |
_a720.95957 _bGEO _dG |
| 100 | 1 |
_aGray, George T., _eauthor. |
|
| 245 | 1 | 3 |
_aAn Introduction to the Heritage Buildings of SINGAPORE / _cGeorge T Gray: Edited by Hani Hazman. |
| 264 | 1 |
_aBandar Sunway, Selangor : $b $c _bSunway University Press, _c2025 |
|
| 300 |
_axix, 162 pages : _bmaps, photographs ; _c23cm |
||
| 336 |
_atext _2rdacontent |
||
| 337 |
_aunmediated _2rdamedia |
||
| 338 |
_avolume _2rdacarrier |
||
| 942 |
_2ddc _cB |
||
| 999 |
_c204219 _d204219 |
||